000 005480000a22001810004500
003 MACL
005 20150930161337.0
008 150930b xxu||||| |||| 00| 0 eng d
040 _aMACL
_cMACL
041 _aEnglish
082 _a900/KHA
100 _aKhan, M Hassan
_912967
245 _aThe Contribution of Raja Mahendra Pratap and Prof Barkatullah Bhopali
_bIn Freedom Struggle and Its Importance in Contemporary Society
260 _bTowards Freedom
_c2008
_aKolkata
350 _a850
650 _aHistory
_912968
942 _cBK
_k900/KHA
_2ddc
999 _c42068
_d42068